Mixed Word: '70s Bands, Books, and Best Pics Quiz Stats

 Plays Quiz Updated Oct 19, 2016

Challenge
Share
Tweet
Embed
Score 0/21 Timer 06:00
0 Plays Today
% Correct
Kiss
98.2%
Kansas
92.7%
Steve Miller Band
92.3%
The Sting
91.2%
Love Story
90.9%
Roxy Music
87%
Bad Company
86.1%
The Deer Hunter
83.9%
Annie Hall
81.7%
Rocky
79.1%
The French Connection
77.9%
% Correct
Boston
76.5%
Sybil
72.4%
Patton
71.9%
Roots
58.7%
Carrie
51%
Watership Down
48.7%
The Godfather
44%
Supertramp
43.1%
Helter Skelter
22.1%
Deliverance
7.1%

You're not logged in!

Compare scores with friends on all Sporcle quizzes.
Join for Free
OR
Log In

You Might Also Like...

Show Comments

Extras

Top Quizzes Today


Score Distribution

Your Account Isn't Verified!

In order to create a playlist on Sporcle, you need to verify the email address you used during registration. Go to your Sporcle Settings to finish the process.

Report this User

Report this user for behavior that violates our Community Guidelines.

Details: